Statistics for 2023-24 Premier League First XI

Click here to take the quiz!

General Stats

  • This quiz has been taken 1,359 times
  • The average score is 124 of 220

Answer Stats

TeamPlayer% Correct
Wolverhampton WanderersJosé Sá
99%
ArsenalAaron Ramsdale
96%
ArsenalBukayo Saka
95%
LiverpoolAlisson
94%
ArsenalMartin Ødegaard
94%
Aston VillaEmiliano Martínez
93%
ArsenalGabriel Martinelli
93%
BurnleyConnor Roberts
92%
Manchester UnitedLisandro Martínez
92%
LiverpoolMohamed Salah
92%
LiverpoolVirgil van Dijk
92%
ArsenalWilliam Saliba
92%
LiverpoolAndrew Robertson
91%
Manchester CityBernardo Silva
91%
LiverpoolLuis Díaz
91%
Tottenham HotspurMicky van de Ven
91%
ChelseaThiago Silva
91%
LiverpoolTrent Alexander-Arnold
91%
Manchester UnitedBruno Fernandes
90%
LiverpoolDiogo Jota
90%
LiverpoolAlexis Mac Allister
89%
EvertonAmadou Onana
89%
Manchester UnitedAndré Onana
89%
ArsenalBen White
89%
ArsenalDeclan Rice
89%
Manchester CityEderson
89%
Manchester CityErling Haaland
89%
ArsenalKai Havertz
89%
Nottingham ForestMorgan Gibbs-White
89%
LiverpoolIbrahima Konaté
88%
Manchester CityKevin De Bruyne
88%
Manchester CityPhil Foden
87%
Manchester CityRodri
87%
ArsenalThomas Partey
87%
LiverpoolDominik Szoboszlai
86%
Manchester CityKyle Walker
86%
Manchester CityManuel Akanji
86%
Manchester CityNathan Aké
86%
Tottenham HotspurSon Heung-min
86%
ChelseaEnzo Fernández
85%
Manchester UnitedMarcus Rashford
85%
ChelseaRaheem Sterling
85%
Manchester CityJulián Álvarez
84%
Manchester UnitedCasemiro
83%
ChelseaNicolas Jackson
83%
Manchester UnitedRaphaël Varane
83%
Tottenham HotspurRicharlison
83%
ArsenalEddie Nketiah
82%
Manchester UnitedLuke Shaw
82%
Aston VillaMatty Cash
82%
Newcastle UnitedNick Pope
82%
ChelseaRobert Sánchez
82%
Newcastle UnitedAlexander Isak
80%
Aston VillaOllie Watkins
80%
EvertonJordan Pickford
79%
Manchester UnitedAlejandro Garnacho
78%
LiverpoolCody Gakpo
78%
Tottenham HotspurCristian Romero
78%
ArsenalJurriën Timber
78%
Manchester UnitedAaron Wan-Bissaka
77%
Brighton & Hove AlbionKaoru Mitoma
77%
Newcastle UnitedKieran Trippier
77%
Aston VillaLeon Bailey
77%
Tottenham HotspurDejan Kulusevski
75%
Newcastle UnitedMiguel Almirón
75%
Newcastle UnitedBruno Guimarães
74%
Aston VillaDouglas Luiz
74%
Newcastle UnitedSandro Tonali
74%
West Ham UnitedAlphonse Areola
73%
Tottenham HotspurEmerson Royal
73%
Newcastle UnitedFabian Schär
73%
ChelseaReece James
73%
FulhamBernd Leno
72%
Tottenham HotspurGuglielmo Vicario
72%
Aston VillaLucas Digne
72%
West Ham UnitedMichail Antonio
72%
West Ham UnitedTomáš Souček
72%
Aston VillaMoussa Diaby
71%
BournemouthNeto
71%
Wolverhampton WanderersPedro Neto
71%
Newcastle UnitedSven Botman
71%
ChelseaConor Gallagher
70%
Aston VillaJohn McGinn
70%
Aston VillaTyrone Mings
70%
Tottenham HotspurJames Maddison
69%
Newcastle UnitedJoelinton
69%
Nottingham ForestMatt Turner
69%
West Ham UnitedEmerson Palmieri
67%
ChelseaAxel Disasi
66%
ChelseaBen Chilwell
66%
West Ham UnitedLucas Paquetá
66%
Manchester UnitedMason Mount
66%
Brighton & Hove AlbionPascal Groß
66%
Brighton & Hove AlbionPervis Estupiñán
66%
West Ham UnitedVladimír Coufal
66%
Manchester UnitedAntony
65%
Aston VillaEzri Konsa
65%
Tottenham HotspurYves Bissouma
65%
FulhamRaúl Jiménez
64%
Manchester CityRico Lewis
63%
Newcastle UnitedAnthony Gordon
62%
BrentfordBryan Mbeumo
61%
Tottenham HotspurDestiny Udogie
61%
BournemouthDoinic Solanke
61%
Crystal PalaceEberechi Eze
61%
Brighton & Hove AlbionLewis Dunk
61%
FulhamHarry Wilson
60%
West Ham UnitedKurt Zouma
60%
West Ham UnitedNayef Aguerd
60%
Aston VillaBoubacar Kamara
59%
West Ham UnitedSaïd Benrahma
59%
Newcastle UnitedDan Burn
58%
Crystal PalaceJordan Ayew
57%
West Ham UnitedJarrod Bowen
56%
ChelseaLevi Colwill
56%
FulhamAntonee Robinson
54%
Nottingham ForestBrennan Johnson
54%
Brighton & Hove AlbionDanny Welbeck
54%
West Ham UnitedPablo Fornals
54%
BrentfordYoane Wissa
54%
EvertonAlexander Iwobi
53%
Sheffield UnitedJack Robinson
53%
Crystal PalaceJoachim Andersen
53%
Luton TownMads Andersen
53%
Tottenham HotspurOliver Skipp
53%
EvertonIdrissa Gueye
52%
Crystal PalaceOdsonne Édouard
52%
Brighton & Hove AlbionJoão Pedro
51%
Wolverhampton WanderersMario Lemina
51%
EvertonAbdoulaye Doucouré
49%
Crystal PalaceCheick Doucouré
49%
FulhamTim Ream
49%
FulhamWillian
49%
EvertonJames Tarkowski
48%
BurnleyJames Trafford
48%
Crystal PalaceMarc Guéhi
48%
BrentfordMark Flekken
48%
Crystal PalaceJoel Ward
47%
Nottingham ForestSerge Aurier
47%
Brighton & Hove AlbionJason Steele
46%
Wolverhampton WanderersRayan Aït-Nouri
45%
Crystal PalaceSam Johnstone
45%
Wolverhampton WanderersMatheus Cunha
44%
Wolverhampton WanderersNélson Semedo
44%
BrentfordChristian Nørgaard
43%
EvertonNeal Maupay
43%
BournemouthPhilip Billing
42%
Crystal PalaceTyrick Mitchell
42%
Brighton & Hove AlbionSolly March
41%
EvertonMichael Keane
40%
BrentfordEthan Pinnock
39%
BrentfordMathias Jensen
39%
Crystal PalaceJefferson Lerma
38%
Wolverhampton WanderersMaximilian Kilman
38%
BurnleySander Berge
38%
Luton TownCarlton Morris
37%
FulhamKenny Tete
37%
BournemouthMarcos Senesi
37%
BrentfordNathan Collins
37%
Crystal PalaceJeffrey Schlupp
36%
EvertonNathan Patterson
36%
Wolverhampton WanderersPablo Sarabia
36%
BrentfordAaron Hickey
35%
Nottingham ForestWilly Boly
35%
FulhamIssa Diop
34%
Brighton & Hove AlbionMahmoud Dahoud
34%
BrentfordRico Henry
34%
BrentfordVitaly Janelt
33%
Brighton & Hove AlbionJames Milner
32%
Brighton & Hove AlbionJan Paul van Hecke
32%
Luton TownMarvelous Nakamba
32%
Luton TownThomas Kaminski
31%
FulhamTom Cairney
31%
BrentfordKristoffer Ajer
30%
Wolverhampton WanderersMatheus Nunes
29%
BournemouthMilos Kerkez
29%
Nottingham ForestOrel Mangala
28%
BournemouthDavid Brooks
27%
Luton TownElijah Adebayo
27%
FulhamHarrison Reed
27%
BournemouthIllya Zabarnyi
27%
Sheffield UnitedBénie Traoré
26%
ChelseaCarney Chukwuemeka
26%
Wolverhampton WanderersCraig Dawson
26%
FulhamSaša Lukić
26%
Luton TownTahith Chong
26%
Sheffield UnitedWes Foderingham
26%
Nottingham ForestDanilo
25%
BurnleyLyle Foster
25%
Nottingham ForestScott McKenna
25%
EvertonAshley Young
24%
BurnleyDara O'Shea
24%
Wolverhampton WanderersJoão Gomes
24%
Luton TownTom Lockyer
24%
BurnleyZeki Amdouni
24%
Luton TownIssa Kaboré
23%
Nottingham ForestJoe Worrall
23%
BournemouthMax Aarons
23%
BournemouthRyan Christie
21%
Sheffield UnitedAnel Ahmedhodžić
20%
BurnleyJordan Beyer
20%
Nottingham ForestRyan Yates
20%
EvertonJames Garner
19%
Sheffield UnitedJohn Egan
19%
Luton TownPelly Ruddock Mpanzu
19%
Nottingham ForestOla Aina
18%
Luton TownAmari'i Bell
17%
BurnleyJosh Cullen
17%
BurnleyLuca Koleosho
17%
Sheffield UnitedOliver Norwood
17%
Sheffield UnitedGeorge Baldock
15%
BurnleyVitinho
15%
BurnleyAmeen Al-Dakhil
13%
BournemouthJaidon Anthony
12%
Sheffield UnitedChris Basham
10%
BournemouthJoe Rothwell
10%
Sheffield UnitedWilliam Osula
9%
Luton TownRyan Giles
8%
Sheffield UnitedBen Osborn
7%
Sheffield UnitedMax Lowe
7%

Score Distribution

Percentile by Number Answered

Percent of People with Each Score

Your Score History

You have not taken this quiz